00598nam a2200181Ia 4500003000900000008004100009040001600050080001900066245011500085260003600200300001000236650004100246650002600287650002900313700002400342700002400366700002600390IN-BaIIA211028s9999 xx 000 0 eng d cIIA Library a(05)52bANN-11 0aAnnual review of astronomy and astrophysicsbvol. 11cedited by Leo Goldberg, David Layzer and John G. Philips aPalo AltobAnnual Reviewsc1973 a435p. aAstronomy and astrophysics thesaurus aAstronomy-Periodicals aAstrophysics-Periodicals aGoldberg, Leo., ed. aLayzer, David., ed. aPhilips, John G., ed.